00391nam a2200157Ia 4500008004100000020001800041041000800059082001700067100001300084245005100097250001200148260002200160300000800182365001600190700002700206230718s9999 xx 000 0 und d a9781259025976 aeng a621.395bBRO aBrown S. aFundamentals Of Digital Logic With VHDL Design a3rd ed. c2013bMcGraw Hill a939 cRs.b595.00 aBrown S. & Vranesic Z.